LEADER 01455nam a2200289 a 4500 001 000000112498 003 CaOOAMICUS 005 20080710085015.0 008 080710s2008 it b u000 u ita d 020 $z978-88-315-3419-2* 040 $aPUL$bita$dMCT 100 1 $aBarghiglioni, Egidio.$0(OLS)http://pul/name/69354 245 10$aAdulti nella comunità cristiana :$bguida alla preparazione di itinerari per l'evangelizzazione, la crescita nella fede e la mistagogia della vita cristiana /$cEgidio e Mariella Barghiglioni , Luciano Meddi. 260 $aMilano :$bPaoline,$c2008. 300 $a184 p. ;$c21 cm 490 1 $aForum parrocchia ;$v8 504 $aBibliografia p 181-184. 650 4$aEvangelizzazione.$0(OLS)http://pul/subject/1355 700 1 $aMeddi, Luciano.$0(OLS)http://pul/name/57219 700 1 $aBarghiglioni, Mariella.$0(OLS)http://pul/name/69355 830 0$aForum parrocchia ;$v8.$0(OLS)http://pul/title/119439 850 $aPUL 852 $aPUL$W1$xSL Religione 3$y85$m268 BAREG 1$j128702$qDDC 21$B127654$CPULBib$Z2$F127654 $H107885 $82 941 1 $a9 996 $6020$z978-88-315-3419-2*$9(OLS)http://pul/number/138374 996 $6245$aAdulti nella comunità cristiana :$bguida alla preparazione di itinerari per l'evangelizzazione, la crescita nella fede e la mistagogia della vita cristiana$9(OLS)http://pul/title/141398 996 $6260$aMilano :$bPaoline$9(OLS)http://pul/publisher/60808 LEADER 01451nam a2200349 a 4500 001 000000124807 003 CaOOAMICUS 005 20110325094843.0 008 110325s1962 it fc u000 u ita r 040 $aPUL$bita 082 04$a858 100 1 $aPapini, Giovanni,$d1881-1956.$0(OLS)http://pul/name/5962 245 10$aCristo e santi /$cdi Giovanni Papini. 260 $aMilano :$bArnoldo Mondadori,$c1962. 300 $a1119 p. :$britr. ;$c20 cm +$e[1] p. di tav. 490 1 $aTutte le opere di Giovanni Papini ;$v5 490 1 $aClassici contemporanei italiani 504 $aBibliografia in nota. 600 04$aIesus Christus.$0(OLS)http://pul/subject/207 650 4$aSanti.$0(OLS)http://pul/subject/20 800 1 $aPapini, Giovanni,$d1881-1956.$tOpera omnia ;$v5.$0(OLS)http://pul/nameTitle/1398$0(OLS)http://pul/name/5962$0(OLS)http://pul/title/2415 830 0$aClassici contemporanei italiani.$0(OLS)http://pul/title/27147 850 $aPUL 852 $aPUL$W1$xDP2 Cons. Gen., Altre Classi 3$y97$m858 PAPGI 1.5$j143719$qDDC 21$B142731$CPULBib$Z2$F142731 $H115867 $81 941 1 $a9 960 $aCristologia$9207 960 $aCristologia$9207 960 $aGesù Cristo$9207 996 $6082$a858$9(OLS)http://pul/classification/1926 996 $6245$aCristo e santi$9(OLS)http://pul/title/157356 996 $6260$aMilano :$bArnoldo Mondadori$9(OLS)http://pul/publisher/60431